000 00964nam a22002537a 4500
999 _c64611
_d64611
005 20240530110740.0
008 180924s2012 ua af g b 000 0 ara d
017 _a2012/15939
_bمصر. دار الكتب
020 _a9789774522055
040 _aEG-CaGPL
_cEG-CaGPL
082 0 4 _221
_a745.6199 /
_bش د
100 0 _aشبل ابراهيم عبيد
245 1 0 _aديوان الخط العربى فى سمرقند /
_cشبل ابراهيم عبيد
260 _aالاسكندرية :
_bمكتبة الاسكندرية،
_c2012.
300 _a214 ص. :
_bايض ؛
_c32 سم.
490 0 _aمشروع احياء طريق الحرير ؛
_v1.
504 _aيشتمل على ارجاعات ببليوجرافية
650 0 7 _2qrmak
_aالخط العربى
650 0 7 _2qrmak
_aالنقوش العربية
650 0 7 _2qrmak
_aالخط العربى
_zسمرقند
651 _2qrmak
942 _2ddc
_cBK